| 000 -LEADER |
| fixed length control field |
02221cam a2200253 a 4500 |
| 020 ## - INTERNATIONAL STANDARD BOOK NUMBER |
| ISBN |
9789251067307 |
| 020 ## - INTERNATIONAL STANDARD BOOK NUMBER |
| ISBN |
9251067309 |
| 040 ## - CATALOGING SOURCE |
| Transcribing agency |
DLC |
| 082 ## - DEWEY DECIMAL CLASSIFICATION NUMBER |
| Classification number |
639 FOO 2011 A083 Or. |
| 100 1# - MAIN ENTRY--AUTHOR NAME |
| Personal name |
Washington, Sally. |
| 245 10 - TITLE STATEMENT |
| Title |
Private standards and certification in fisheries and aquaculture : |
| Remainder of title |
current practice and emerging issues / |
| 260 ## - PUBLICATION, DISTRIBUTION, ETC. (IMPRINT) |
| Place of publication |
Rome : |
| Name of publisher |
Food and Agriculture Organization of the United Nations, |
| Year of publication |
2011. |
| 300 ## - PHYSICAL DESCRIPTION |
| Number of Pages |
xix, 181 p. : |
| Other physical details |
col. ill. ; |
| Dimensions |
30 cm. |
| 490 0# - SERIES STATEMENT |
| Series statement |
FAO fisheries and aquaculture technical paper, |
| 520 3# - SUMMARY, ETC. |
| Summary, etc |
"Private standards and related certification schemes are becoming significant features of international fish trade and marketing. They have emerged in areas where there is a perception that public regulatory frameworks are not achieving the desired outcomes, such as sustainability and responsible fisheries management, or to ensure food safety, quality and environmental sustainability in the growing aquaculture industry. Unfortunately, the proliferation of private standards is causing confusion for stakeholders: fishers and fish farmers trying to decide which certification scheme will bring the most market returns, buyers trying to decide which standards have most credence in the market and will offer returns to reputation and risk management, and governments trying to decide where private standards fit into their food safety and resource management strategies. This report analyses the two main types of private standards, namely ecolabels and food safety and quality standards, their impact on fish trade and their implications for a range of stakeholders. It addresses issues that are driving the development of private standards, their policy and governance implications, the assessment of their credence, the costs implications, traceability, etc., and the challenges and opportunities for developing countries."--Publisher's description |
| 650 #0 - SUBJECT ADDED ENTRY--TOPICAL TERM |
| Topical Term |
Fisheries |
| 650 #0 - SUBJECT ADDED ENTRY--TOPICAL TERM |
| Topical Term |
Aquaculture industry |
| 650 #0 - SUBJECT ADDED ENTRY--TOPICAL TERM |
| Topical Term |
Fisheries |
| 650 #0 - SUBJECT ADDED ENTRY--TOPICAL TERM |
| Topical Term |
Aquaculture industry |
| 700 1# - ADDED ENTRY--PERSONAL NAME |
| Personal name |
Ababouch, Lahsen. |
| 710 2# - ADDED ENTRY--CORPORATE NAME |
| Corporate name or jurisdiction name as entry element |
Food and Agriculture Organization of the United Nations. |
| 856 41 - ELECTRONIC LOCATION AND ACCESS |
| Uniform Resource Identifier |
http://www.fao.org/docrep/013/i1948e/i1948e.pdf |
| 942 ## - ADDED ENTRY ELEMENTS (KOHA) |
| Koha item type |
សៀវភៅភាសាអង់គ្លេស |
| 952 ## - LOCATION AND ITEM INFORMATION (KOHA) |
| Withdrawn status [LOCAL, KOHA] |
0 |